Central Library OPAC University of Rajshahi

Modernization of Indian tradition : (Record no. 57685)

MARC details
000 -LEADER
fixed length control field 00730nam a22002417a 4500
001 - CONTROL NUMBER
control field 57685
003 - CONTROL NUMBER IDENTIFIER
rucl marc code BD-RjUL
005 - DATE AND TIME OF LATEST TRANSACTION
control field 20211209080536.0
008 - FIXED-LENGTH DATA ELEMENTS--GENERAL INFORMATION
fixed length control field 161211s1999 ii ||||| |||| 001 0 eng d
020 ## - INTERNATIONAL STANDARD BOOK NUMBER
International Standard Book Number 8170330130
035 ## - SYSTEM CONTROL NUMBER
System control number (BD-RjUL) 57809
040 ## - CATALOGING SOURCE
Original cataloging agency BD-RjUL
Language of cataloging eng
Transcribing agency BD-RjUL
Modifying agency BD-RjUL
041 ## - LANGUAGE CODE
Language code of text/sound track or separate title eng
082 ## - DEWEY DECIMAL CLASSIFICATION NUMBER
Edition number 23
Classification number 303.40954
Author mark and year SIM 1999
100 ## - MAIN ENTRY--PERSONAL NAME
Personal name Singh,Yogendra
9 (RLIN) 171314
245 ## - TITLE STATEMENT
Title Modernization of Indian tradition :
Remainder of title a systemic study of social change /
Statement of responsibility, etc. Yogendra Singh
260 ## - PUBLICATION, DISTRIBUTION, ETC. (IMPRINT)
Place of publication, distribution, etc. New Delhi :
Name of publisher, distributor, etc. Rawat Publication,
Date of publication, distribution, etc. Reprinted1999
300 ## - PHYSICAL DESCRIPTION
Pagination xi,267p. ;
Illustrations 19cm.
500 ## - GENERAL NOTE
General note Includes index.
650 ## - SUBJECT ADDED ENTRY--TOPICAL TERM
Topical term or geographic name as entry element Social conditions
Geographic subdivision India
9 (RLIN) 171315
Topical term or geographic name as entry element Social change
9 (RLIN) 170287
942 ## - ADDED ENTRY ELEMENTS (KOHA)
Source of classification or shelving scheme Dewey Decimal Classification
Koha item type Books
Holdings
Lost status Source of classification or shelving scheme Damaged status Not for loan Collection code Permanent Location Current Location Shelving location Date acquired Source of acquisition Cost, normal purchase price Total Checkouts Full call number Date last seen Copy number Koha item type
  Dewey Decimal Classification   Not For Loan Non-fiction Central Library, University of Rajshahi Central Library, University of Rajshahi Reading Room 07/04/2001 Aunkur prakashani, Dhaka 104.00   303.40954 SIM 1999 11/12/2016 C-1 Books